000
00284nam a22001337a 4500
003
SGT
082
_a
617.3
_b
C76D
100
_a
Duvoisin, Roger
245
_a
Clinical Symposia
_b
Parkinsonism
260
_b
C.I.B.A.
_c
1976
300
_a
29
653
_a
Parkinsonism
942
_2
ddc
_c
RARE
999
_c
33140
_d
33140